| 000 | 00359nam a22001457a 4500 | ||
|---|---|---|---|
| 008 | 230124b ||||| |||| 00| 0 eng d | ||
| 020 | _a9780321984005 | ||
| 041 | _aeng | ||
| 080 |
_2SEVENTH EDITION _a37 |
||
| 082 | _a37BIA | ||
| 100 | _a22.2 | ||
| 101 | _aEDUK | ||
| 245 |
_aALONG THESE LINES WRITING PARAGRAPHS AND ESSAYS _cBIAYS SHE J |
||
| 942 |
_2udc _cBK |
||
| 999 |
_c59259 _d59259 |
||